[Event "Sunway Sitges Open 2019"]
[Site "Sitges ESP"]
[Date "2019.12.16"]
[Round "4.17"]
[White "Vogel, Roven"]
[Black "Puranik, Abhimanyu"]
[Result "0-1"]
[WhiteTitle "IM"]
[BlackTitle "GM"]
[WhiteElo "2457"]
[BlackElo "2580"]
[WhiteFideId "12908088"]
[BlackFideId "5061245"]
[EventDate "2019.12.13"]

1. d4 Nf6 2. c4 g6 3. Nc3 d5 4. Qa4+ Bd7 5. Qd1 Bc8 6. Qa4+ Bd7 7. Qd1 c6 8. e3
Bg7 9. Nf3 O-O 10. Qb3 Qb6 11. Qxb6 axb6 12. cxd5 cxd5 13. Ne5 Bc6 14. Bd2 Rc8
15. g4 Nfd7 16. Nd3 e5 17. Bg2 exd4 18. exd4 Bxd4 19. Nxd5 Re8+ 20. Kd1 Nc5 21.
Nxc5 bxc5 22. Re1 Rd8 23. Kc2 Bxd5 24. Bxd5 Rxd5 25. Re8+ Kg7 26. Bf4 Ra4 27.
Bxb8 Rc4+ 28. Kd3 Rb4 29. Rb1 Bf6+ 30. Ke2 Rxg4 31. b3 Rgd4 32. Kf1 h5 33. Rbe1
Rd2 34. R1e2 Rd1+ 35. Re1 Bc3 36. Rxd1 Rxd1+ 37. Kg2 Kf6 38. Ba7 Bd4 39. Re2 Rc1
40. b4 Rc4 41. Bxc5 Bxc5 42. bxc5 Rxc5 43. a4 Ra5 44. Rb2 Ra7 45. Rb6+ Ke7 46.
Kg3 Kd8 47. f4 Ke7 48. Kf3 Rxa4 49. Rxb7+ Kf6 50. Rb6+ Kg7 51. h4 Ra3+ 52. Kg2
Rd3 53. Ra6 Rd5 54. Kf3 Kf8 55. Ra3 Rd6 56. Rb3 Kg7 57. Ra3 Rd1 58. Kg2 Kf6 59.
Ra5 Re1 60. Rb5 Ke6 61. Ra5 Re3 62. Rb5 Rd3 63. Re5+ Kd6 64. Ra5 Rd5 65. Ra6+
Kc5 66. Ra7 f5 67. Rc7+ Kd4 68. Rc6 Ke4 69. Rxg6 Kxf4 70. Rg5 Ke3 71. Rxh5 Rd2+
72. Kf1 f4 73. Ra5 Rd1+ 74. Kg2 f3+ 75. Kh3 f2 76. Rf5 f1=Q+ 77. Rxf1 Rxf1 78.
Kg4 Ke4 79. Kg5 Ke5 80. h5 Rg1+ 81. Kh6 Kf6 82. Kh7 Rh1 83. h6 Rh2 0-1

[Event "Sunway Sitges Open 2019"]
[Site "Sitges ESP"]
[Date "2019.12.16"]
[Round "4.24"]
[White "Moradiabadi, Elshan"]
[Black "Kiremitciyan, Ari"]
[Result "1-0"]
[WhiteTitle "GM"]
[BlackTitle "FM"]
[WhiteElo "2539"]
[BlackElo "2270"]
[WhiteFideId "12501255"]
[BlackFideId "6373445"]
[EventDate "2019.12.13"]

1. c4 c6 2. g3 d5 3. Bg2 Nf6 4. Nf3 e6 5. b3 Be7 6. O-O O-O 7. Bb2 b6 8. e3 Bb7
9. Qe2 c5 10. Rd1 Na6 11. d3 Nc7 12. Nc3 Bd6 13. Nh4 Re8 14. Rac1 e5 15. cxd5
Ncxd5 16. Ne4 Rb8 17. Nxd6 Qxd6 18. Nf5 Qd8 19. a3 a5 20. h3 Re6 21. Qc2 h6 22.
e4 Ne7 23. f4 exf4 24. Nxe7+ Qxe7 25. gxf4 Nh5 26. f5 Rd6 27. Qe2 Nf4 28. Qg4
Qg5 29. Be5 Qxg4 30. hxg4 Ne2+ 31. Kf2 Nxc1 32. Bxd6 Rd8 33. Rxc1 Rxd6 34. e5
Rd7 35. Bxb7 Rxb7 36. b4 cxb4 37. Rc8+ Kh7 38. axb4 Ra7 39. Ke3 a4 40. Rc2 g6
41. d4 h5 42. d5 a3 43. d6 Rd7 44. gxh5 gxf5 45. Kf4 f6 46. Kxf5 fxe5 47. Ke6 1-0

[Event "Sunway Sitges Open 2019"]
[Site "Sitges ESP"]
[Date "2019.12.16"]
[Round "4.26"]
[White "Maghsoodloo, Parham"]
[Black "Mendonca, Leon Luke"]
[Result "1-0"]
[WhiteTitle "GM"]
[BlackTitle "IM"]
[WhiteElo "2690"]
[BlackElo "2398"]
[WhiteFideId "12539929"]
[BlackFideId "35028561"]
[EventDate "2019.12.13"]

1. c4 Nf6 2. Nf3 e6 3. g3 d5 4. Bg2 Be7 5. O-O O-O 6. b3 b6 7. Bb2 Bb7 8. e3
dxc4 9. bxc4 c5 10. Qe2 Nc6 11. Rd1 Qc7 12. Nc3 a6 13. Rab1 Rab8 14. Ba1 Rfd8
15. Ne1 Na7 16. g4 Bxg2 17. Nxg2 b5 18. cxb5 Nxb5 19. Nxb5 axb5 20. Bxf6 Bxf6
21. Rxb5 Rxb5 22. Qxb5 h6 23. Ne1 Rb8 24. Qa6 Rb6 25. Qa5 Qd6 26. Rc1 Rb4 27. d4
cxd4 28. Nd3 Rb8 29. e4 e5 30. h3 Kh7 31. Kg2 Rb7 32. Rc5 Rb1 33. Qa4 Qe6 34.
Rc6 Qe8 35. Qc4 Qa8 36. Rxf6 gxf6 37. Qxf7+ Kh8 38. Qxf6+ Kh7 39. Qf5+ Kh8 40.
Qxe5+ Kh7 41. Qxd4 Qxa2 42. Qd7+ Kg8 43. Qe8+ Kh7 44. Qe7+ Kg8 45. Ne5 h5 46.
gxh5 Kh8 47. Ng6+ 1-0

[Event "Sunway Sitges Open 2019"]
[Site "Sitges ESP"]
[Date "2019.12.16"]
[Round "4.27"]
[White "Sasikiran, Krishnan"]
[Black "Nielsen, Rogvi Egilstoft"]
[Result "1-0"]
[WhiteTitle "GM"]
[BlackTitle "FM"]
[WhiteElo "2656"]
[BlackElo "2387"]
[WhiteFideId "5004985"]
[BlackFideId "7200447"]
[EventDate "2019.12.13"]

1. e4 e5 2. Nf3 Nc6 3. Bb5 f5 4. d3 fxe4 5. dxe4 Nf6 6. O-O Bc5 7. Bxc6 bxc6 8.
Nxe5 O-O 9. Nc3 d6 10. Nd3 Bd4 11. Qe1 Qe8 12. Be3 Bxc3 13. Qxc3 Nxe4 14. Qc4+
d5 15. Qd4 Rf6 16. f3 Nd6 17. Rfe1 Bf5 18. Bf2 Qf8 19. Ne5 Nf7 20. c4 Nxe5 21.
Rxe5 dxc4 22. Qxc4+ Qf7 23. Qc5 Qg6 24. Rae1 Raf8 25. Qc4+ Kh8 26. Bc5 Bd3 27.
Qd4 Rg8 28. Qe3 Bc4 29. Bd4 Rf5 30. Re4 Rg5 31. g4 Bd5 32. Rf4 Bxa2 33. h4 Rb5
34. Be5 Bd5 35. Rf5 Rb3 36. Bc3 Qd6 37. Kg2 Qg6 38. Rg5 Qc2+ 39. Re2 Rxc3 40.
bxc3 Qd1 41. Re5 a5 42. Qd4 Qc1 43. Re8 a4 44. R2e7 Qc2+ 45. Kg3 Qg6 46. h5 Qh6
47. f4 Qf6 48. Qxf6 gxf6 49. Rxg8+ Kxg8 50. Rxc7 1-0

[Event "Sunway Sitges Open 2019"]
[Site "Sitges ESP"]
[Date "2019.12.16"]
[Round "4.28"]
[White "Krishna Teja, N"]
[Black "Kovalenko, Igor"]
[Result "0-1"]
[WhiteTitle "IM"]
[BlackTitle "GM"]
[WhiteElo "2383"]
[BlackElo "2647"]
[WhiteFideId "5001498"]
[BlackFideId "14117908"]
[EventDate "2019.12.13"]

1. Nf3 Nf6 2. c4 b6 3. g3 Bb7 4. Bg2 g6 5. b3 Bg7 6. Bb2 O-O 7. O-O e6 8. Nc3
Qe7 9. d4 Ne4 10. Nxe4 Bxe4 11. Qd2 d6 12. Rac1 Nd7 13. Rfd1 f5 14. b4 Nf6 15.
a4 Qe8 16. b5 a6 17. Ra1 h6 18. Ba3 axb5 19. axb5 g5 20. c5 Qxb5 21. cxd6 cxd6
22. Bxd6 Rxa1 23. Rxa1 Rc8 24. Qa2 Bd5 25. Qa7 Ra8 26. Qxa8+ Bxa8 27. Rxa8+ Kh7
28. Bf1 g4 29. Nd2 Qd5 30. Rd8 Qxd4 31. Bc7 Nd5 32. e4 Qxd2 33. Rd7 Kg6 34. Bf4
Qe1 35. exf5+ Kf6 36. fxe6 Nxf4 37. Rf7+ Kxe6 38. Rxf4 h5 39. h4 Be5 40. Rf8 Ke7
41. Rf5 Qe4 42. Rxh5 Bd4 0-1

[Event "Sunway Sitges Open 2019"]
[Site "Sitges ESP"]
[Date "2019.12.16"]
[Round "4.29"]
[White "Mieles Palau, Daniel"]
[Black "Heimann, Andreas"]
[Result "0-1"]
[WhiteTitle "IM"]
[BlackTitle "GM"]
[WhiteElo "2382"]
[BlackElo "2617"]
[WhiteFideId "3600467"]
[BlackFideId "24624632"]
[EventDate "2019.12.13"]

1. c4 e5 2. Nc3 Bb4 3. g3 Bxc3 4. dxc3 Nc6 5. e4 d6 6. Bg2 Nge7 7. Nf3 O-O 8.
Nd2 Be6 9. b3 Qd7 10. h3 Kh8 11. Nf1 f5 12. exf5 Rxf5 13. Ne3 Rf7 14. a4 Raf8
15. Ra2 a5 16. Nd5 Nb8 17. Bg5 Nxd5 18. cxd5 Bf5 19. Be3 Na6 20. Qe2 Nc5 21.
Bxc5 dxc5 22. Qc4 Bb1 23. Re2 Qf5 24. Qxc5 Bd3 25. Rd2 e4 26. Kd1 c6 27. Kc1 Qg5
28. Rd1 Rxf2 29. h4 Qxd5 30. Qxf2 Rxf2 31. Rxf2 Qc5 32. Rc2 Qa3+ 33. Kd2 Qxb3 0-1

[Event "Sunway Sitges Open 2019"]
[Site "Sitges ESP"]
[Date "2019.12.16"]
[Round "4.30"]
[White "Petrosyan, Manuel"]
[Black "Vaishali, R"]
[Result "1-0"]
[WhiteTitle "GM"]
[BlackTitle "WGM"]
[WhiteElo "2613"]
[BlackElo "2376"]
[WhiteFideId "13300857"]
[BlackFideId "5091756"]
[EventDate "2019.12.13"]

1. Nf3 Nf6 2. c4 g6 3. Nc3 Bg7 4. e4 e5 5. Nxe5 O-O 6. d3 Nxe4 7. dxe4 Bxe5 8.
Bh6 Re8 9. Qd2 d6 10. O-O-O Nd7 11. h4 Nf8 12. h5 a6 13. hxg6 fxg6 14. Nd5 b5
15. Bg5 Qd7 16. Nf6+ Bxf6 17. Bxf6 Rb8 18. f3 Qf7 19. Bc3 Ne6 20. Rh4 Qe7 21. g3
Qg5 22. b3 b4 23. Ba1 Qxd2+ 24. Kxd2 Nc5 25. Be2 Bb7 26. Rdh1 Re7 27. Bf6 Rd7
28. Bd4 Ne6 29. Be3 Rf8 30. Ra1 c6 31. Ke1 a5 32. Rd1 a4 33. e5 axb3 34. axb3 d5
35. cxd5 cxd5 36. Rxb4 d4 37. f4 Rfd8 38. Bg4 Bd5 39. Bxd4 h5 40. Bh3 Kf8 41.
Bb6 Re8 42. Bg2 1-0

[Event "Sunway Sitges Open 2019"]
[Site "Sitges ESP"]
[Date "2019.12.16"]
[Round "4.46"]
[White "Zanan, Evgeny"]
[Black "Unuk, Laura"]
[Result "1/2-1/2"]
[WhiteTitle "IM"]
[BlackTitle "WGM"]
[WhiteElo "2493"]
[BlackElo "2305"]
[WhiteFideId "24101940"]
[BlackFideId "14609215"]
[EventDate "2019.12.13"]

1. e4 e5 2. Nf3 Nc6 3. Bb5 a6 4. Ba4 Nf6 5. O-O b5 6. Bb3 Bc5 7. a4 Rb8 8. c3 d6
9. d4 Bb6 10. a5 Ba7 11. h3 h6 12. Be3 Ra8 13. Re1 O-O 14. Qc1 Bb7 15. d5 Bxe3
16. Qxe3 Ne7 17. Ba2 g5 18. Nbd2 Ng6 19. Nh2 Kg7 20. b4 Nh5 21. Bb1 Nhf4 22. Bd3
Bc8 23. Bf1 h5 24. f3 f5 25. Rac1 g4 26. exf5 Bxf5 27. fxg4 hxg4 28. hxg4 Nxd5
29. Qg3 Be6 30. Ne4 Qe7 31. Nf3 Rf4 32. Nf2 Raf8 33. Bd3 Nf6 34. Nh2 Nh7 35.
Bxg6 Kxg6 36. Nd3 R4f7 37. Nf3 Rf6 38. Nh4+ Kf7 39. g5 Nxg5 40. Qxg5 Ke8 41.
Qh5+ Kd8 42. Rcd1 Qg7 43. Qe2 Bg4 44. Qe4 Bxd1 45. Rxd1 Qg3 46. Nxe5 Re8 47.
Qa8+ Ke7 48. Nhg6+ Rxg6 49. Nxg6+ Qxg6 50. Re1+ Kd7 51. Qxe8+ Qxe8 52. Rxe8 Kxe8
53. Kf2 c6 54. Ke3 Ke7 55. g4 Ke6 56. Kf4 Kf6 57. g5+ Kg6 58. Kg4 c5 59. Kf4 c4
60. Kg4 d5 61. Kf4 d4 62. cxd4 c3 63. Ke3 Kxg5 64. Kd3 Kf5 65. Kc2 Kf4 66. Kb3
Kf5 67. Kxc3 Ke4 68. d5 Kxd5 69. Kd3 1/2-1/2

[Event "Sunway Sitges Open 2019"]
[Site "Sitges ESP"]
[Date "2019.12.16"]
[Round "4.47"]
[White "Zadruzny, Nicolaj"]
[Black "Garriga Cazorla, Pere"]
[Result "1/2-1/2"]
[WhiteTitle "FM"]
[BlackTitle "IM"]
[WhiteElo "2308"]
[BlackElo "2484"]
[WhiteFideId "1709550"]
[BlackFideId "32011601"]
[EventDate "2019.12.13"]

1. e4 c5 2. Nf3 d6 3. Bb5+ Nd7 4. c3 Nf6 5. Qe2 a6 6. Ba4 b5 7. Bc2 e6 8. O-O
Be7 9. d4 Bb7 10. Re1 Qc7 11. a4 O-O 12. axb5 axb5 13. Rxa8 Rxa8 14. Na3 b4 15.
Nb5 Qb6 16. e5 Ne8 17. dxc5 Qxc5 18. Be3 Qc6 19. exd6 Nxd6 20. Nbd4 Qc4 21. cxb4
Qxb4 22. Bd2 Qc4 23. Qe3 Nc5 24. Ne5 Qd5 25. f3 Bf6 26. Bc3 Nc4 27. Nxc4 Qxc4
28. Ne2 Bxc3 29. Qxc3 Qxc3 30. Nxc3 Kf8 31. Kf2 Ke7 32. f4 g6 33. g4 h6 34. h4
Nd7 35. Be4 Bxe4 36. Nxe4 Rb8 37. Re2 Nf6 38. Nxf6 Kxf6 39. g5+ hxg5 40. hxg5+
Ke7 41. Ke3 Rb4 1/2-1/2

[Event "Sunway Sitges Open 2019"]
[Site "Sitges ESP"]
[Date "2019.12.16"]
[Round "4.50"]
[White "Gorshtein, Ido"]
[Black "Tanmay, Chopra"]
[Result "1/2-1/2"]
[WhiteTitle "FM"]
[WhiteElo "2372"]
[BlackElo "2100"]
[WhiteFideId "2815532"]
[BlackFideId "25630946"]
[EventDate "2019.12.13"]

1. c4 c5 2. Nf3 Nc6 3. d4 cxd4 4. Nxd4 Nf6 5. Nc3 e6 6. a3 Bc5 7. Nb3 Be7 8. e4
d6 9. Be2 O-O 10. Nd4 d5 11. cxd5 exd5 12. Nxc6 bxc6 13. exd5 Nxd5 14. Nxd5 cxd5
15. O-O Bf6 16. Rb1 d4 17. Bd3 Qd5 18. b4 Bb7 19. Qg4 Rfe8 20. Bd2 h5 21. Qh3
Bc8 22. Qf3 Qxf3 23. gxf3 Bb7 24. Kg2 Re6 25. Rfe1 Rae8 26. Rxe6 Rxe6 27. Rc1
Rc6 28. Rxc6 Bxc6 29. b5 Bd5 30. a4 Be7 31. Be4 Bc4 32. f4 g6 33. Bc6 f5 34. f3
Kf7 35. a5 Bc5 36. Kf2 Ke7 37. Ke1 d3 38. Kd1 Kf7 39. a6 Bd4 40. Kc1 Kf6 41. h3
Kf7 1/2-1/2

[Event "Sunway Sitges Open 2019"]
[Site "Sitges ESP"]
[Date "2019.12.16"]
[Round "4.52"]
[White "Yaniv, Ori"]
[Black "Karthik, Rajaa"]
[Result "1/2-1/2"]
[WhiteElo "2046"]
[BlackElo "2212"]
[WhiteFideId "2816300"]
[BlackFideId "25035215"]
[EventDate "2019.12.13"]

1. e4 c6 2. d4 d5 3. e5 Bf5 4. h4 h5 5. Bd3 Bxd3 6. Qxd3 e6 7. Bg5 Qb6 8. Nd2
Qa6 9. c4 Bb4 10. b3 Ne7 11. Nf3 Nd7 12. O-O Nf5 13. Qc2 O-O 14. a3 Bxd2 15.
Bxd2 dxc4 16. bxc4 Nb6 17. Rfc1 Rfd8 18. Be3 Qa4 19. Qxa4 Nxa4 20. Rab1 c5 21.
Bg5 Nxd4 22. Bxd8 Ne2+ 23. Kf1 Nxc1 24. Be7 Nd3 25. Rxb7 Nb6 26. Ke2 Nb2 27.
Bxc5 N2xc4 28. Bd6 Na5 29. Rc7 Nd5 30. Rd7 Nb6 31. Rc7 Nd5 32. Rd7 1/2-1/2

[Event "Sunway Sitges Open 2019"]
[Site "Sitges ESP"]
[Date "2019.12.17"]
[Round "5.6"]
[White "Durarbayli, Vasif"]
[Black "Kelires, Andreas"]
[Result "1/2-1/2"]
[WhiteTitle "GM"]
[BlackTitle "GM"]
[WhiteElo "2609"]
[BlackElo "2510"]
[WhiteFideId "13402935"]
[BlackFideId "5900727"]
[EventDate "2019.12.13"]

1. e4 e5 2. Nf3 Nc6 3. Bb5 a6 4. Ba4 Nf6 5. O-O Be7 6. Re1 b5 7. Bb3 d6 8. c3
O-O 9. h3 Nb8 10. d4 Nbd7 11. Nbd2 Bb7 12. Bc2 Re8 13. Nf1 Bf8 14. Bg5 h6 15.
Bh4 Qc8 16. N3d2 g6 17. dxe5 dxe5 18. a4 c5 19. c4 Bc6 20. Nb3 Re6 21. Na5 bxc4
22. Nd2 Rb8 23. Nxc6 Qxc6 24. Nxc4 Nb6 25. Bb3 Nxc4 26. Bxc4 Rd6 27. Qc2 Nh5 28.
Bg3 Qe8 29. Rad1 Rbd8 30. Rxd6 Rxd6 31. a5 Nxg3 32. fxg3 Kg7 33. Rf1 f6 34. Kh2
Be7 35. Rd1 Qc6 36. Rxd6 Bxd6 37. Ba2 c4 38. Qxc4 Qxc4 39. Bxc4 Bb4 40. Bxa6
Bxa5 41. Kg1 f5 42. Kf2 Bb6+ 43. Kf3 Kf6 44. Bc4 Ba7 45. Bd5 Bc5 46. Ke2 Bb4 47.
Bc6 Ba5 48. Ba4 Bb4 49. Bd1 Kg5 50. Kd3 Bc5 51. Kc4 Bf2 52. exf5 gxf5 53. g4
fxg4 54. Bxg4 Kf4 55. Bd1 Ba7 56. Kd5 e4 57. g4 Bf2 58. b4 e3 59. Ke6 Kg3 60.
Kf5 Kxh3 61. Kg6 e2 62. Bxe2 Be3 63. Kf5 Kg3 64. b5 Bg1 65. Bd1 Bf2 66. Bb3 Kf3
67. Bf7 Ke3 68. Ke5 Kd3 69. Kd6 Kc3 70. Kc7 Bg3+ 71. Kc8 Bf2 72. Kc7 Bg3+ 73.
Kb7 Kb4 74. Ka6 Kc5 75. b6 Kd6 76. Bg6 Bf2 77. Kb7 Bg1 1/2-1/2

[Event "Sunway Sitges Open 2019"]
[Site "Sitges ESP"]
[Date "2019.12.17"]
[Round "5.12"]
[White "Sadhwani, Raunak"]
[Black "Ivanchuk, Vassily"]
[Result "0-1"]
[WhiteTitle "IM"]
[BlackTitle "GM"]
[WhiteElo "2507"]
[BlackElo "2690"]
[WhiteFideId "35093487"]
[BlackFideId "14100010"]
[EventDate "2019.12.13"]

1. Nf3 c5 2. c4 Nc6 3. Nc3 Nf6 4. g3 d5 5. cxd5 Nxd5 6. Bg2 g6 7. d3 Bg7 8. Bd2
Nc7 9. O-O Bd7 10. a3 O-O 11. Rb1 Rc8 12. b4 cxb4 13. axb4 b6 14. Qb3 Bg4 15.
Qa4 Ne6 16. Rfe1 Ncd4 17. Nxd4 Nxd4 18. h3 Bd7 19. Qd1 h5 20. e3 Nb5 21. Nxb5
Bxb5 22. d4 e5 23. dxe5 Bxe5 24. f4 Bg7 25. e4 h4 26. e5 hxg3 27. Be3 Qxd1 28.
Rbxd1 Rfd8 29. Rxd8+ Rxd8 30. Bf1 Bxf1 31. Kxf1 Rd3 32. Ke2 Rb3 33. Ra1 g2 34.
Bg1 Rxb4 35. Kf3 a5 36. Kxg2 Bh6 0-1

[Event "Sunway Sitges Open 2019"]
[Site "Sitges ESP"]
[Date "2019.12.17"]
[Round "5.13"]
[White "Krzyzanowski, Marcin"]
[Black "Maghsoodloo, Parham"]
[Result "1-0"]
[WhiteTitle "IM"]
[BlackTitle "GM"]
[WhiteElo "2506"]
[BlackElo "2690"]
[WhiteFideId "1132199"]
[BlackFideId "12539929"]
[EventDate "2019.12.13"]

1. Nf3 d5 2. g3 Nd7 3. Bg2 e5 4. d3 Bd6 5. c4 c6 6. O-O Ne7 7. a3 O-O 8. Nbd2 a5
9. b3 b5 10. Bb2 Rb8 11. c5 Bc7 12. Qc2 Ng6 13. a4 b4 14. e4 d4 15. Rac1 Ba6 16.
Bh3 Re8 17. Ne1 Ngf8 18. Ng2 Qe7 19. f4 Rbd8 20. Nf3 f6 21. Ngh4 g6 22. fxe5
fxe5 23. Rf2 Bb8 24. Rcf1 Nxc5 25. Ne1 Bd6 26. Bc1 Nfe6 27. Qd1 Nf4 28. gxf4
Qxh4 29. Bg2 exf4 30. Bxf4 Bxf4 31. Rxf4 Qh6 32. Qc2 Ne6 33. Rf6 c5 34. Kh1 Kh8
35. Nf3 Qh5 36. Qd2 Bc8 37. Qf2 Rf8 38. Rxf8+ Rxf8 39. Qg3 Rf4 40. Bh3 g5 41.
Bf5 Bd7 42. Kg1 h6 43. h3 Rxf5 44. exf5 Nf4 45. Kh2 Bxf5 46. h4 Bxd3 47. Re1 Bh7
48. Re5 Bg6 49. Rxc5 d3 50. Rc8+ Kh7 51. Qe1 Ne2 52. Qf2 g4 53. Rc7+ Kg8 54. Qe3
gxf3 55. Rc8+ Kh7 56. Qe7+ Bf7 57. Qf6 1-0

[Event "Sunway Sitges Open 2019"]
[Site "Sitges ESP"]
[Date "2019.12.17"]
[Round "5.14"]
[White "Melkumyan, Hrant"]
[Black "Girish, A. Koushik"]
[Result "1/2-1/2"]
[WhiteTitle "GM"]
[BlackTitle "GM"]
[WhiteElo "2668"]
[BlackElo "2506"]
[WhiteFideId "13302485"]
[BlackFideId "5038448"]
[EventDate "2019.12.13"]

1. e4 e5 2. Nf3 Nc6 3. Bc4 Bc5 4. c3 Nf6 5. d4 exd4 6. e5 d5 7. Bb5 Ne4 8. cxd4
Bb6 9. Nc3 O-O 10. Be3 Ne7 11. Bd3 f5 12. exf6 Nxf6 13. O-O Bf5 14. Ne5 c6 15.
f4 Bxd3 16. Qxd3 Nc8 17. f5 Nd6 18. Rf3 Qe7 19. Raf1 Nf7 20. Nxf7 Rxf7 21. Kh1
Re8 22. Bg1 Qb4 23. b3 Ne4 24. Re3 Rfe7 25. Nxe4 dxe4 26. Qe2 Bxd4 27. Rh3 e3
28. Qh5 e2 29. Qxh7+ Kf8 30. Qg6 Kg8 31. Qh7+ Kf8 32. Qh8+ Kf7 33. Qh5+ Kg8 34.
Qh7+ Kf8 35. Qg6 Kg8 36. Qh7+ 1/2-1/2

[Event "Sunway Sitges Open 2019"]
[Site "Sitges ESP"]
[Date "2019.12.17"]
[Round "5.15"]
[White "Barseghyan, Harutyun"]
[Black "Sasikiran, Krishnan"]
[Result "0-1"]
[WhiteTitle "IM"]
[BlackTitle "GM"]
[WhiteElo "2498"]
[BlackElo "2656"]
[WhiteFideId "13304585"]
[BlackFideId "5004985"]
[EventDate "2019.12.13"]

1. d4 Nf6 2. Nf3 g6 3. Nbd2 d5 4. e3 a5 5. c4 Bg7 6. cxd5 Nxd5 7. e4 Nb6 8. Bb5+
Bd7 9. Be2 c5 10. d5 O-O 11. Nc4 Nxc4 12. Bxc4 b5 13. Be2 Na6 14. h4 c4 15. h5
Nc5 16. hxg6 fxg6 17. Bh6 Bxb2 18. Ng5 Qb6 19. f3 Be5 20. Kf1 Rf6 21. Rb1 Bg3
22. Bxc4 Nb3 23. Rb2 bxc4 24. Nxh7 Bb5 25. Nxf6+ exf6 26. axb3 c3+ 27. Re2 Qf2# 0-1

[Event "Sunway Sitges Open 2019"]
[Site "Sitges ESP"]
[Date "2019.12.17"]
[Round "5.16"]
[White "Lagarde, Maxime"]
[Black "Saduakassova, Dinara"]
[Result "1-0"]
[WhiteTitle "GM"]
[BlackTitle "IM"]
[WhiteElo "2655"]
[BlackElo "2505"]
[WhiteFideId "662399"]
[BlackFideId "13700090"]
[EventDate "2019.12.13"]

1. g3 c5 2. Bg2 Nc6 3. c4 g6 4. Nc3 Bg7 5. Nf3 e5 6. O-O Nge7 7. d3 d6 8. a3 O-O
9. Rb1 a5 10. b3 h6 11. Nd2 Rb8 12. Bb2 Be6 13. Nd5 Qd7 14. Re1 b5 15. e3 Bf5
16. Qc2 Be6 17. f4 f5 18. Nxe7+ Nxe7 19. cxb5 Qxb5 20. Bc3 Nd5 21. Ba1 Nb6 22.
fxe5 dxe5 23. a4 Qd7 24. Qxc5 Qxd3 25. Qxa5 Rfe8 26. Rbc1 Rbd8 27. Rc7 Rd7 28.
Qxb6 Rxc7 29. Qxc7 Qxd2 30. Bc3 Qc2 31. Bxe5 Qxc7 32. Bxc7 Bxb3 33. a5 Bc3 34.
Rb1 Ba2 35. Rd1 Bc4 36. Kf2 Be5 37. Rd8 Rxd8 38. Bxd8 Kf7 39. Bb7 1-0

[Event "Sunway Sitges Open 2019"]
[Site "Sitges ESP"]
[Date "2019.12.17"]
[Round "5.17"]
[White "Kovalenko, Igor"]
[Black "Larino Nieto, David"]
[Result "1-0"]
[WhiteTitle "GM"]
[BlackTitle "GM"]
[WhiteElo "2647"]
[BlackElo "2475"]
[WhiteFideId "14117908"]
[BlackFideId "2256444"]
[EventDate "2019.12.13"]

1. d4 d5 2. Nf3 Nf6 3. Nbd2 c5 4. e3 cxd4 5. exd4 Nc6 6. Bb5 Qb6 7. a4 Bg4 8. h3
Bh5 9. g4 Bg6 10. Ne5 e6 11. c3 Bd6 12. h4 O-O-O 13. h5 Bxe5 14. dxe5 Nxe5 15.
hxg6 Nfxg4 16. Rf1 hxg6 17. Nb3 f5 18. Nd4 Nc4 19. a5 Qc5 20. a6 b6 21. Qe2 e5
22. Bxc4 Qxc4 23. Nb5 Nh2 24. Bg5 Nxf1 25. Bxd8 Ne3 26. Nd6+ Kxd8 27. Nxc4 Rh1+
28. Kd2 1-0

[Event "Sunway Sitges Open 2019"]
[Site "Sitges ESP"]
[Date "2019.12.17"]
[Round "5.31"]
[White "Kacharava, Nikolozi"]
[Black "Krysa, Leandro"]
[Result "1-0"]
[WhiteTitle "IM"]
[BlackTitle "GM"]
[WhiteElo "2416"]
[BlackElo "2527"]
[WhiteFideId "13611860"]
[BlackFideId "116807"]
[EventDate "2019.12.13"]

1. e4 e5 2. Nf3 Nc6 3. Bc4 Nf6 4. d3 Be7 5. O-O O-O 6. Re1 d6 7. a4 a5 8. Nbd2
h6 9. c3 Nh7 10. Nf1 Ng5 11. Nxg5 Bxg5 12. Ng3 Bxc1 13. Rxc1 Qg5 14. d4 Bg4 15.
Be2 Bxe2 16. Nxe2 Rfe8 17. dxe5 Qxe5 18. Nd4 Rab8 19. Qd2 Qc5 20. b3 d5 21. Nxc6
bxc6 22. exd5 Rxe1+ 23. Rxe1 Qxd5 24. Qxd5 cxd5 25. Rb1 c5 26. Kf1 Kf8 27. Ke2
Ke7 28. Kd2 Kd6 29. Kc2 Re8 30. Kd2 Rb8 31. Kc2 Re8 32. Kd2 g5 33. b4 axb4 34.
cxb4 c4 35. b5 Kc7 36. a5 Kb7 37. Kc3 Re2 38. Ra1 Rxf2 39. a6+ Ka8 40. Kd4 Rd2+
41. Kc5 Re2 42. Ra3 Re8 43. Kxd5 Ka7 44. Kxc4 Re4+ 45. Kd5 Rb4 46. Kc5 Rb2 47.
Rf3 Rc2+ 48. Kb4 Rb2+ 49. Ka4 Rxg2 50. Rxf7+ Kb6 51. Rf6+ Ka7 52. Rxh6 g4 53.
Rh7+ Kb6 54. Rb7+ Kc5 55. a7 Rxh2 56. Rc7+ Kd4 57. Kb3 Rh3+ 58. Kb4 Rh1 59. Rd7+ 1-0

[Event "Sunway Sitges Open 2019"]
[Site "Sitges ESP"]
[Date "2019.12.17"]
[Round "5.36"]
[White "Gorshtein, Ido"]
[Black "Edouard, Romain"]
[Result "0-1"]
[WhiteTitle "FM"]
[BlackTitle "GM"]
[WhiteElo "2372"]
[BlackElo "2653"]
[WhiteFideId "2815532"]
[BlackFideId "633429"]
[EventDate "2019.12.13"]

1. c4 c5 2. Nc3 g6 3. g3 Bg7 4. Bg2 Nc6 5. b3 e6 6. Ba3 d6 7. e3 Nge7 8. Nge2 e5
9. Bb2 a6 10. d3 O-O 11. O-O Rb8 12. Qd2 b5 13. Rad1 Be6 14. f4 exf4 15. Nxf4
Bg4 16. Rb1 bxc4 17. dxc4 Ne5 18. Ba1 g5 19. h3 gxf4 20. gxf4 Bf5 21. e4 N5g6
22. exf5 Bd4+ 23. Kh2 Nxf5 24. Nd5 Re8 25. Qd3 Bxa1 26. Rxa1 Nd4 27. f5 Ne5 28.
Qg3+ Kh8 29. f6 Rg8 30. Qh4 Qa5 31. Qf2 Rg5 32. Be4 Rbg8 33. Qh4 Nef3+ 34. Rxf3
Nxf3+ 35. Bxf3 Qd2+ 36. Kh1 Rg2 37. Qf4 Qxf4 38. Nxf4 Rf2 39. Bd5 Rxf4 40. Bxf7
Rf8 41. Bd5 R8xf6 42. Kg1 Rg6+ 43. Kh1 Rf2 0-1

[Event "Sunway Sitges Open 2019"]
[Site "Sitges ESP"]
[Date "2019.12.17"]
[Round "5.45"]
[White "Janik, Igor"]
[Black "Rakshitta, Ravi"]
[Result "1/2-1/2"]
[WhiteTitle "IM"]
[BlackTitle "WIM"]
[WhiteElo "2466"]
[BlackElo "2260"]
[WhiteFideId "1159259"]
[BlackFideId "25073230"]
[EventDate "2019.12.13"]

1. d4 Nf6 2. c4 Nc6 3. Nc3 e5 4. d5 Ne7 5. e4 Ng6 6. Be3 Bb4 7. f3 Bxc3+ 8. bxc3
d6 9. Bd3 Nh5 10. g3 b6 11. Ne2 Nf6 12. h4 Ne7 13. h5 h6 14. g4 Nh7 15. Bc2 Ng5
16. Rf1 g6 17. Ng3 Ng8 18. Qe2 Nh3 19. hxg6 fxg6 20. Qh2 Ng5 21. O-O-O Nf7 22.
Qe2 g5 23. Ba4+ Kf8 24. Rh1 a6 25. Rh2 Rb8 26. Rdh1 Ne7 27. Qb2 Rb7 28. Rh5 Kg7
29. Qh2 Ng8 30. Bc6 Rb8 31. Qb2 Ne7 32. Ba4 Rb7 33. Qd2 b5 34. Bb3 Bd7 35. c5
dxc5 36. Bxc5 Nc8 37. d6 Ncxd6 38. R5h2 Nc4 39. Bxc4 bxc4 40. Qd5 Qb8 41. Bb4 c6
42. Qc5 a5 43. Ba3 Re8 44. Kc2 Be6 45. Nf5+ Bxf5 46. gxf5 Rb6 47. Rd1 Qb7 48.
Rhd2 Rb8 49. Qxc4 Rb1 50. Bc1 Ra1 51. Ba3 Rb1 52. Kd3 Rd8+ 53. Ke2 Rxd2+ 54.
Rxd2 Qb5 55. Qxb5 cxb5 56. Bc5 h5 57. Kf2 Rc1 58. Bb6 a4 59. Rd5 h4 60. Kg2 Re1 1/2-1/2